Distribution par images - Illusions perdues - Statistiques

Statistiques générales
  • Ce quiz a été pris 21 fois
  • Le résultat moyen est 5 sur 9
Statistiques - réponses
Par images Hint Réponse % Correct
Dauriat Gérard Depardieu
100%
Louise de Bargeton Cécile de France
84%
Étienne Lousteau Vincent Lacoste
84%
Nathan d'Anastazio Xavier Dolan
53%
Lucien de Rubempré Benjamin Voisin
47%
Singali Jean-François Stévenin
37%
Espard Jeanne Balibar
32%
Châtelet André Marcon
26%
Coralie Salomé Dewaels
26%
Aucun quiz correspondant
Distribution des résultats
% des personnes avec chaque résultat
Percentile par nombre de réponses
Votre historique - résultats
Vous n’avez pas pris ce quiz